000 00829nam a2200277Ia 4500
001 Z_5096
003 CHAP
008 220113s2004 xx 000 0 und d
010 _a168153
040 _cCHAP
090 _aTesis E 1798
100 _aEspitia Simón, Pilar Acelo
_938106
245 _aDiagnóstico de minerales en ganado de doble propósito en pastoreo en Tenengo, Morelos /
_cpor Pilar Acelo Espitia Simón
260 _aChapingo, Méx. :
_bEl autor,
_c2004
300 _a58 h.
502 _aTesis (Ing. Agr. Esp. en Zootecnia) -- UACH. Departamento de Zootecnia
650 _aGanado
_xMorelos
_9142420
650 _aGanado
_xPastoreo
_944941
650 _aMinerales en nutrición animal
_975937
901 _aTESIS E 1798
902 _aM
910 _a2004
942 _c2
942 _c2
999 _c168153
_d168153